The Changing Nature of International Law in the Twenty-First Century: (Record no. 622674)

MARC details
000 -LEADER
fixed length control field 00541nam a2200169 4500
008 - FIXED-LENGTH DATA ELEMENTS--GENERAL INFORMATION
fixed length control field 260506b |||||||| |||| 00| 0 eng d
020 ## - INTERNATIONAL STANDARD BOOK NUMBER
ISBN 9789041106322
Paper back/Hardbound hbk
041 ## - LANGUAGE CODE
Language code of text/sound track or separate title eng
082 ## - DEWEY DECIMAL CLASSIFICATION NUMBER
Classification number 341 NOR
100 ## - MAIN ENTRY--AUTHOR NAME
Personal name Norton,Joseph J.
245 ## - TITLE STATEMENT
Title The Changing Nature of International Law in the Twenty-First Century:
Sub Title A Tribute to the Late Kenneth R. Simmonds,
Statement of responsibility, etc Joseph J. Norton
260 ## - PUBLICATION, DISTRIBUTION, ETC. (IMPRINT)
Place of publication London
Name of publisher Kluwer Law International
Year of publication 1998
300 ## - PHYSICAL DESCRIPTION
Number of Pages 404p. :
Dimensions 25cm.
650 ## - SUBJECT ADDED ENTRY--TOPICAL TERM
Topical Term Law of nations
942 ## - ADDED ENTRY ELEMENTS (KOHA)
Koha item type English Books
Holdings
Withdrawn status Lost status Damaged status Not for loan Home library Current library Shelving location Date acquired Full call number Accession Number Price effective from Koha item type
        Anna Centenary Library Anna Centenary Library 4TH FLOOR, A WING 06.05.2026 341 NOR 138954 06.05.2026 English Books

Find us on the map